000 01255nac a22002651u 4500
010 _a 2004100280
020 _a0764544985 (pbk.)
035 _a(DLC) 2004100280
082 0 0 _a005.432
_bC6916
090 _c1992
_d1992
100 _aCollings, Terry.
245 1 0 _aRed Hat Linux networking and system administration /
_cTerry Collings and Kurt Wall.
250 _a2nd ed.
260 _aIndianapolis, IN :
_bWiley Pub.,2004
_c2004.
300 _axxxi, 968 p. :
_bill. ;
_c24 cm. +
_e1 CD-ROM (4 3/4 in.)
500 _aIncludes index.
650 0 _aOperating systems (Computers)
700 1 _aWall, Kurt.
856 4 2 _3Contributor biographical information
_uhttp://www.loc.gov/catdir/bios/wiley047/2004100280.html
856 4 2 _3Publisher description
_uhttp://www.loc.gov/catdir/description/wiley041/2004100280.html
856 4 2 _3Table of contents
_uhttp://www.loc.gov/catdir/toc/wiley041/2004100280.html
942 _cNB
_k005.432C6916
999 _c1992
_d1992